000 00243nam a22000857a 4500
008 161128b xxu||||| |||| 00| 0 eng d
100 _91491
_aYoung Learners
245 _aFovourite moral Stories
260 _aNew Delhi
_bYoung Learners Pulication
_c2011
999 _c4216
_d4216